000 00530nam a2200193Ia 4500
999 _c26465
_d54463
005 20180315061204.0
020 _a978-0-444-50631-3
037 _aBC_699 25/6A
040 _aBC-ENSA
_bfre
041 _afre
100 _aHECKMAN, James J.
245 _aHandbook of econometrics
_nvol. 6A
260 _bElsevier
_aAmsterdam
_c2007
300 _bill.
_a4775 p.
_c25 cm
562 _e 01 exemplaire(s)
942 _c09
490 _a2331
_v2
653 _aÉCONOMÉTRIE/MODÈLE/ANALYSE ECONOMIQUE